New England by Picture - Statistics

General Stats
  • This quiz has been taken 316 times
  • The average score is 13 of 18
Answer Stats
Picture Hint Answer % Correct
city Boston
98%
movie Jaws
97%
animal Lobster
97%
president John F Kennedy
95%
food Maple Syrup
93%
athlete Tom Brady
89%
food Clam Chowder
88%
town Plymouth
84%
author Stephen King
81%
national park {Acadia} National Park
67%
fruit Cranberries
67%
tallest in new england Mount {Washington}
66%
company L.L.Bean
57%
weather event Nor' Easter
57%
town Newport
46%
sport {Candlepin} Bowling
44%
mountains Green Mountains
24%
company Hasbro
18%
No matching quizzes found
Score Distribution
Percent of People with Each Score
Percentile by Number Answered
Your Score History
You have not taken this quiz